Palestine; land of fulfilled prophecy and other messages. (Record no. 16185)

000 -LEADER
fixed length control field 00531nam a2200169 a 4500
001 - CONTROL NUMBER
control field :::00018928$&:&@@
003 - CONTROL NUMBER IDENTIFIER
control field OkBaRHE
005 - DATE AND TIME OF LATEST TRANSACTION
control field 20100331131949.0
008 - FIXED-LENGTH DATA ELEMENTS--GENERAL INFORMATION
fixed length control field s1961 j 000 0 eng u
040 ## - CATALOGING SOURCE
Transcribing agency
100 1# - MAIN ENTRY--PERSONAL NAME
Personal name Halff, Charles
245 10 - TITLE STATEMENT
Title Palestine; land of fulfilled prophecy and other messages.
260 ## - PUBLICATION, DISTRIBUTION, ETC. (IMPRINT)
Place of publication, distribution, etc San Antonio, Texas
Name of publisher, distributor, etc The Christian Jew Hour
Date of publication, distribution, etc 1961
300 ## - PHYSICAL DESCRIPTION
Extent 51 p.
942 ## - ADDED ENTRY ELEMENTS (KOHA)
Source of classification or shelving scheme
Koha item type Books
Copies
Lost status Copy number Withdrawn status Source of classification or shelving scheme Date last seen Date acquired Permanent Location Koha item type Damaged status Full call number Price effective from Barcode Shelving location Not for loan
 1  2010-04-142010-04-14RHEMA Bible Training CollegeBooks BX 8764 .Z6 H282010-04-1418928General Stacks